Report of the sixteenth session, Rome, 27 September-1 October, 1982.
| Corporate Authors: | , |
|---|---|
| Format: | Book |
| Language: | English French Spanish |
| Published: |
Rome :
Food and Agriculture Organization of the United Nations,
1983.
|
| Subjects: |
MARC
| Tag | First Indicator | Second Indicator | Subfields |
|---|---|---|---|
| LEADER | 00000cam a2200000 a 4500 | ||
| 001 | in00000014911 | ||
| 005 | 20151007052923.0 | ||
| 008 | 831114s1983 it i10000 eng d | ||
| 020 | |a 9251013136 | ||
| 035 | |a (OCoLC)14004730 | ||
| 035 | |9 AAA9712AM | ||
| 040 | |a UBY |c UBY |d m/c |d TXA |d UtOrBLW | ||
| 041 | 0 | |a eng |a fre |a spa | |
| 043 | |a mm----- | ||
| 049 | |a TXAM |c [A11055023] | ||
| 050 | 4 | |a SH254.M4 |b G46 1982 | |
| 110 | 2 | |a General Fisheries Council for the Mediterranean (Food and Agriculture Organization of the United Nations) | |
| 245 | 1 | 0 | |a Report of the sixteenth session, Rome, 27 September-1 October, 1982. |
| 264 | 1 | |a Rome : |b Food and Agriculture Organization of the United Nations, |c 1983. | |
| 300 | |a 45 pages ; |c 30 cm. | ||
| 336 | |a text |b txt |2 rdacontent | ||
| 337 | |a unmediated |b n |2 rdamedia | ||
| 338 | |a volume |b nc |2 rdacarrier | ||
| 500 | |a Some of the text is n French and Spanish, most is in English. | ||
| 500 | |a "GFCM Report 16." | ||
| 650 | 0 | |a Fisheries |z Mediterranean Region |x Congresses. | |
| 710 | 2 | |a Food and Agriculture Organization of the United Nations. | |
| 999 | |a MARS | ||
| 999 | f | f | |s d54cd7d5-c731-351b-ae28-0d1f9af2ddf0 |i 31e5bdf3-464d-3f97-b61e-ebffd7c1aa6e |t 0 |
| 952 | f | f | |p ric |a Texas A&M University |b Rellis Campus |c Joint Library Facility |d Remote Storage |t 0 |e SH254.M4 G46 1982 |h Library of Congress classification |i unmediated -- volume |m A14811055023 |
| 998 | f | f | |a SH254.M4 G46 1982 |t 0 |l Remote Storage |